000 00306nam a22001097a 4500
008 260601b |||||||| |||| 00| 0 eng d
100 _aNagasampige, A V
245 _aSruti Siddhant Samgraha of Vanamali Misra
260 _aBangalore
_bPoornaprajna Samshodhana Mandiram
_c2002
300 _a296p
942 _2ddc
999 _c1513
_d1513